000 00757naa a22002537a 4500
001 BR9511996
003 BR-BrBNA
005 20250721155535.0
007 ta
008 250630b bl.|||m| |||| 00| 0 por d
040 _aBR-BrBNA
_bpor
_cBiblioteca Nacional de Agricultura
041 _a(Pt)
072 _aF01
_b1930
090 _aF01 BR9511996
100 1 _aMoura, J.C. de
245 1 _aCapim-elefante
500 _aCapineiras Campinas, SP (Brasil): 1995. (BR9511996-AMS)
650 _aCapineira
650 _aCapim Elefante
650 _aPratica Cultural
490 _aBoletim Tecnico - Coordenadoria de Assistencia Tecnica Integral (Brazil)
_vno, 203 p. 1-9
_xISSN 0100-4417
942 _cAMS
_2AGRIS
909 _a202506
_bLúcia
_c55
_dLúcia Elande
999 _c337108
_d337108